000 00376nam a2200121Ia 4500
008 220615s9999||||xx |||||||||||||| ||und||
245 3 _aAn Overview of Tropical Diseases
546 _aEnglish[eng]
650 _aInfectious & contagious diseases
700 _aSamie, Amidou
856 _uhttps://mts.intechopen.com/storage/books/4585/authors_book/authors_book.pdf
942 _cEB
999 _c13468
_d13468